000 00459nam a2200121Ia 4500
008 171212s9999 xx 000 0 und d
020 _a9781925261103
100 _aClendon, Mark
245 _cClendon, Mark
_aClamor Schürmann’s Barngarla grammar
_bA commentary on the first section of A vocabulary of the Parnkalla language
260 _bUniversity of Adelaide Press
_c2015
650 _aLinguistics
856 _uhttp://jstor.org/stable/10.20851/j.ctt1t30585
999 _c352908
_d352908